Ανεργία, εργασία, εκπαίδευση, κατάρτιση στην Ελλάδα και στη Γαλλία : πρακτικά Eλληνογαλλικού συνεδρίου = Chomage, emploi, formation en Grece et en France : actes du Colloque Franco-Hellenique
Saved in:
| Other Authors: | , , |
|---|---|
| Format: | Book |
| Language: | Greek French |
| Published: |
Αθήνα :
Εθνικό Κέντρο Κοινωνικών Ερευνών,
1998.
|
| Subjects: | |
| Tags: |
Add Tag
No Tags, Be the first to tag this record!
|
MARC
| LEADER | 00000cam a2200000 i 4500 | ||
|---|---|---|---|
| 001 | 1/79889 | ||
| 008 | 990506s1998####gr | | ||| |||| ||gre|| | ||
| 020 | |a 9607093534 | ||
| 035 | |l 10050499 | ||
| 040 | |a GR-MY-UA |b gre |e aacr | ||
| 041 | 0 | |a gre |a fre | |
| 082 | 7 | |a 331.702 |2 (22) | |
| 245 | 0 | 0 | |a Ανεργία, εργασία, εκπαίδευση, κατάρτιση στην Ελλάδα και στη Γαλλία : |b πρακτικά Eλληνογαλλικού συνεδρίου = Chomage, emploi, formation en Grece et en France : actes du Colloque Franco-Hellenique / |c πρόλογος: Νικηφόρος Διαμαντούρος ; επιμέλεια: Λάουρα Μαράτου-Αλιπράντη, Ανδρομάχη Χατζηγιάννη. |
| 246 | 1 | |i Παράλληλος τίτλος: |a Chomage, emploi, formation en Grece et en France: actes du Colloque Franco-Hellenique | |
| 260 | |a Αθήνα : |b Εθνικό Κέντρο Κοινωνικών Ερευνών, |c 1998. | ||
| 300 | |a 279 σ. : |b εικ., πίν. ; |c 24 εκ. | ||
| 650 | 0 | 0 | |a Vocational guidance |z Greece. |
| 650 | 0 | 0 | |a Vocational guidance |z France. |
| 651 | 0 | |a Greece |x Social conditions. | |
| 651 | 0 | |a France |x Social conditions. | |
| 700 | 1 | |a Μαράτου-Αλιμπράντη, Λάουρα, |e edtf | |
| 700 | 1 | |a Χατζηγιάννη, Ανδρομάχη, |e edtf | |
| 700 | 1 | |a Διαμαντούρος, Νικηφόρος, |e aui | |
| 852 | |a INST |b LESVOS |e 19990506 |h 331.702 ΑΝΕ |p 005100016542 |q 005100016542 |t BK |y 0 | ||
| 852 | |a INST |b RHODES |e 20020612 |h 331.702 ΑΝΕ |p 005400015707 |q 005400015707 |t BK |y 0 | ||
| 852 | |a INST |b RHODES |e 20010321 |h 331.702 ΑΝΕ |p 005400017182 |q 005400017182 |t BK |y 0 | ||
| 901 | |a BIBL4-2001-1 | ||
| 909 | |a Λ |b 065353 | ||
| 909 | |a Ρ |b 084857 | ||
| 909 | |a Ρ |b 064288 | ||
| 922 | |a 4ΕΛΗ |b 200103 |c ΔΩΡΕΑ | ||
| 922 | |a 4ΕΛΗ |b 199902 |c ΔΩΡΕΑ | ||
| 970 | |z 2000/06 | ||